00696nam a2200181Ia 4500999001500000020001800015082002000033100001800053245004300071260004000114300001700154504004600171650001800217650001800235942000700253952012800260952012600388 c4134d4134 a81-7827-099-4 a305.40954 MAD-; aMadan, Ramesh 0aWomen in India and Japan: a comparison aNew DelhibManak Publicationsc2004 axviii, 403p. aincludes annexure, bibliography and index aWomen - Japan aWomen - India cBK 00104070aNASSDOCbNASSDOCd2005-03-21eUPPALi2005-03-16l0o305.40954 MAD-;p40562r2019-04-18 00:00:00w2019-04-18yBK 001040708DaNASSDOCbNASSDOCd2014-12-30i2005-03-16l0o305.40954 MAD-;pD040562r2019-04-18 00:00:00w2019-04-18yBK